Netherlands mercantile documents : (Record no. 42967)

MARC details
000 -LEADER
fixed length control field 00799cpcaa22002297a 4500
001 - CONTROL NUMBER
control field mm 81001070
003 - CONTROL NUMBER IDENTIFIER
control field DLC
005 - DATE AND TIME OF LATEST TRANSACTION
control field 20260227111705.0
008 - FIXED-LENGTH DATA ELEMENTS--GENERAL INFORMATION
fixed length control field 811109|||||||||||| dut
010 ## - LIBRARY OF CONGRESS CONTROL NUMBER
LC control number mm 81001070
040 ## - CATALOGING SOURCE
Original cataloging agency DLC
Transcribing agency DLC
Description conventions dacs
Modifying agency DLC
072 #7 - SUBJECT CATEGORY CODE
Subject category code C
Source lcmd
245 00 - TITLE STATEMENT
Title Netherlands mercantile documents :
Form collection,
Inclusive dates 1644-1662.
300 ## - PHYSICAL DESCRIPTION
Extent 8
Type of unit items.
506 0# - RESTRICTIONS ON ACCESS NOTE
Terms governing access Open to research.
533 ## - REPRODUCTION NOTE
Type of reproduction In part, handwritten transcripts.
Place of reproduction [S.l.].
546 ## - LANGUAGE NOTE
Language note Collection material in Dutch.
580 ## - LINKING ENTRY COMPLEXITY NOTE
Linking entry complexity note Forms part of: Miscellaneous Manuscripts collection.
651 #0 - SUBJECT ADDED ENTRY--GEOGRAPHIC NAME
Geographic name Netherlands
General subdivision Commerce.

No items available.

Powered by Koha